000 00382nam a22001697a 4500
005 20180327114154.0
008 160620b xxu||||| |||| 00| 0 eng d
020 _a978-81-203-3628-5
041 _aeng
082 _b8394
_a338.88
100 _aPaul, Justin
_9371
245 _aInternational Business
260 _bPHI
300 _a616
650 _aManagement
_9241
942 _cBK
999 _c3220
_d3219